000
00301nam a2200145Ia 4500
100
_a
Crosby/ Philip B
942
_c
BK
654
_a
Quality
245
_a
Quality is Free
260
_b
Mentor Book
_a
New Delhi
_c
1980
082
_a
658.562
_b
CRO
300
_a
270
546
_a
ENGLISH
999
_c
22540
_d
22540